000 02492nam0a2200337 4500
001 RU\NLR\BIBL_A\016334752
005 20230502120307.0
021 _aRU
_bКН-П-23-013381
_9КН-П-23-1321
035 _a(NLR Aleph) 016334752
035 _a(RuMoRGB)011626112
090 _a13072124
_c13072124
100 _a20230405d2022 u y0rusy50 ca
101 0 _arus
102 _aRU
105 _aa|||j||||||z|
181 1 _ai3
_baxxe
182 1 _an
200 1 _aЦифровая криминалистика
_eучебное пособие
_eдля студентов, обучающихся по программам бакалавриата и магистратуры по направлениям: 09.03.02, 09.04.02 "Информационные системы и технологии", 11.03.02, 11.04.02 "Инфокоммуникационные технологии и системы связи"
_fА. А. Чечулин, Е. В. Федорченко, А. А. Браницкий
_gМинистерство цифрового развития, связи и массовых коммуникаций Российской Федерации, Федеральное государственное бюджетное образовательное учреждение высшего образования "Санкт-Петербургский государственный университет телекоммуникаций им. проф. М. А. Бонч-Бруевича" (СПбГУТ)
203 _aТекст
_bвизуальный
_cнепосредственный
210 _aСанкт-Петербург
_cСПбГУТ
_d2022
215 _a37, [1] с.
_cил., цв. ил.
_d21
320 _aБиблиогр. в конце кн. (13 назв.)
606 1 _aКриминалистика
_jУчебные издания для высших учебных заведений
_xПрименение информационных технологий
_yРоссийская Федерация
_92425441
_3RU\NLR\AUTH\661444076
686 1 _aХ629.4с2я73
700 1 _aЧечулин
_bА. А.
_cканд. техн. наук
_gАндрей Алексеевич
_9214487
_3RU\NLR\AUTH\770214543
701 1 _aФедорченко
_bЕ. В.
_gЕлена Владимировна
701 1 _aБраницкий
_bА. А.
_gАлександр Александрович
942 _cBOOK
980 _aNB